| 000 | 00382 a2200169 4500 | ||
|---|---|---|---|
| 001 | 192818 | ||
| 020 | _a9787-85-250-6390-8 | ||
| 040 | _cMagnum | ||
| 100 | _aLobato, Monteiro | ||
| 240 | 1 | 0 |
_aAventuras de hans staden _lpor |
| 245 | 1 | 0 | _aAventuras de hans staden |
| 300 | _a167 | ||
| 362 | 0 | _a2017 | |
| 440 | 1 | _aGlobinho | |
| 697 | _aLITERATURA INFANTO-JUVENIL | ||
| 942 | _cBK | ||
| 999 |
_c192818 _d192818 |
||